| 000 | 00765nam a2200241Ia 4500 | ||
|---|---|---|---|
| 008 | 160819s9999 xx 000 0 und d | ||
| 020 | _a978-1-84476-252-1 | ||
| 050 | _aCUL RJ 216 | ||
| 050 | _b.L49 2006 | ||
| 100 | _aLewis, Sara. | ||
| 245 | _aHow to feed your baby with healthy homemade meals : | ||
| 245 | _bgive your baby the very best start in life with 50 easy-to-make step-by step tempting recipes for deciously wholesome purees and nutritional first solids / | ||
| 245 | _cSara Lewis. | ||
| 260 | _aLondon : | ||
| 260 | _bSouthwater, | ||
| 260 | _c2006 | ||
| 300 | _a96 pages : | ||
| 300 | _bcolor illustrations ; | ||
| 300 | _c28 cm. | ||
| 500 | _aIncludes index. | ||
| 650 | _aInfants -- Nutrition. | ||
| 650 | _xChildren -- Nutrition. | ||
| 999 |
_c300670 _d300670 |
||